Imiona męskie nadane dzieciom - Statystyki

Ogólne statystyki
  • Ten quiz został rozwiązany 474 razy
  • Średni wynik to 18 z 30
Statystyki odpowiedzi
Lp Liczba wystąpień 1 litera Imię % Poprawnych
2 6341 J Jan
93%
12 4069 Sz Szymon
84%
1 6670 A Antoni
80%
5 5696 F Franciszek
80%
26 1987 P Piotr
75%
10 4107 F Filip
73%
14 3348 A Adam
72%
3 6201 A Aleksander
72%
6 5535 J Jakub
72%
19 2758 M Michał
69%
4 6155 N Nikodem
69%
20 2709 W Wiktor
66%
24 2226 I Igor
63%
7 5091 L Leon
62%
13 3539 W Wojciech
59%
9 4265 S Stanisław
58%
15 3251 K Kacper
56%
21 2551 O Oliwier
55%
29 1489 D Dawid
54%
11 4086 I Ignacy
54%
30 1352 K Krzysztof
50%
8 4499 M Mikołaj
50%
25 2040 J Julian
49%
27 1932 O Oskar
48%
17 3081 M Marcel
44%
28 1712 G Gabriel
43%
23 2234 M Miłosz
43%
16 3164 T Tymon
43%
22 2278 T Tymoteusz
40%
18 3055 M Maksymilian
32%
Nie znaleziono quizów pasujących do podanych kryteriów
Rozkład punktacji
Procent ludzi z każdym wynikiem
Percentyl według liczby udzielonych odpowiedzi
Twoja historia wyników
Nie rozwiązałeś tego quizu